000 00371nam a2200145Ia 4500
008 230917s9999||||xx |||||||||||||| ||und||
040 _e176959
_aMAIN
041 _aEnglish
082 _a891.433721 AR78J
100 _aअमृतराय
245 0 _aजंगल
260 _aइलाहाबाद
_bहंस
_c1977
300 _a235 पृ. p.
942 _cHN
999 _c181584
_d181584